Normal view
MARC view
Entry Topical Term
001 - CONTROL NUMBER
- control field: 25658
003 - CONTROL NUMBER IDENTIFIER
- control field: dpl
005 - DATE AND TIME OF LATEST TRANSACTION
- control field: 20110127163218.0
008 - FIXED-LENGTH DATA ELEMENTS
- fixed length control field: 110127|||a|||||| | ||| d
040 ## - CATALOGING SOURCE
- Original cataloging agency: dpl
- Transcribing agency: dpl
150 ## - HEADING--TOPICAL TERM
- Topical term or geographic name as entry element: ਪੰਜਾਬੀ
670 ## - SOURCE DATA FOUND
- Source citation: Work cat.: (dpl)17494: ਚਰਨ ਸਿੰਘ 25657, ਪ੍ਰਕਾਸ਼ ਦੀ ਖੌਜ /, 2007
670 ## - SOURCE DATA FOUND
- Source citation: Work cat.: (dpl)17494: ਚਰਨ ਸਿੰਘ 25657, ਪ੍ਰਕਾਸ਼ ਦੀ ਖੌਜ /, 2007
